[Event "Izhevsk Corporation Cup 6th"]
[Site "Izhevsk"]
[Date "2014.07.13"]
[Round "2"]
[White "Sadykov, Renat"]
[Black "Gaifullin, Artur"]
[Result "1-0"]
[WhiteElo "2048"]
[BlackElo "2177"]
[PlyCount "61"]
[EventDate "2014.07.12"]
[EventType "swiss"]
[EventRounds "9"]
[EventCountry "RUS"]
[SourceTitle "CBM 161 Extra"]
[Source "ChessBase"]
[SourceDate "2014.08.29"]
[SourceVersion "1"]
[SourceVersionDate "2014.08.29"]
[SourceQuality "1"]

1. e4 e5 2. Nf3 Nc6 3. Bc4 Bc5 4. c3 Nf6 5. d4 exd4 6. cxd4 Bb4+ 7. Nc3 Nxe4 8. 0-0 Bxc3 9. d5 Na5 10. bxc3 Nxc4 11. Qd4 0-0 12. Qxc4 Nd6 13. Qf4 Ne8 14. Qg3 d6 15. Nd4 Qd7 16. Re1 c5 17. dxc6 bxc6 18. Bg5 f6 19. Bf4 Kh8 20. Rad1 g5 21. Bxd6 Nxd6 22. Ne6 Re8 23. Rxd6 Qe7 24. Rxc6 Bd7 25. Rc7 Qd8 26. Rd1 Rxe6 27. h4 gxh4 28. Qf4 Qe8 29. Rdxd7 Qg6 30. Rxh7+ Kg8 31. Qxh4 1-0

[Event "Nezhmetdinov Memorial 36th"]
[Site "Kazan"]
[Date "2014.06.08"]
[Round "9"]
[White "Sadykov, Renat"]
[Black "Teimurov, Artur"]
[Result "1-0"]
[WhiteElo "2069"]
[BlackElo "1934"]
[PlyCount "59"]
[EventDate "2014.05.31"]
[EventType "swiss"]
[EventRounds "9"]
[EventCountry "RUS"]
[SourceTitle "CBM 160 Extra"]
[Source "ChessBase"]
[SourceDate "2014.07.01"]
[SourceVersion "1"]
[SourceVersionDate "2014.07.01"]
[SourceQuality "1"]

1. e4 Nf6 2. e5 Nd5 3. d4 d6 4. Nf3 Bg4 5. Be2 c6 6. 0-0 e6 7. c4 Nc7 8. Bg5 Be7 9. Bxe7 Qxe7 10. Qb3 dxe5 11. dxe5 Nca6 12. Nbd2 Nc5 13. Qe3 a5 14. Ne4 Nxe4 15. Qxe4 Bxf3 16. Bxf3 Nd7 17. Rad1 0-0 18. Rd4 Rfd8 19. Rfd1 Nc5 20. Qe3 Na6 21. Rd6 Qc7 22. Qd4 Rxd6 23. exd6 Qd7 24. Qb6 Re8 25. Bxc6 bxc6 26. Qxa6 c5 27. Qxa5 Rc8 28. Qb5 Rc6 29. Qxc6 Qxc6 30. d7 1-0

[Event "Nezhmetdinov Memorial 36th"]
[Site "Kazan"]
[Date "2014.06.05"]
[Round "6"]
[White "Sadykov, Renat"]
[Black "Kavyev, Emil"]
[Result "0-1"]
[WhiteElo "2069"]
[BlackElo "1771"]
[PlyCount "64"]
[EventDate "2014.05.31"]
[EventType "swiss"]
[EventRounds "9"]
[EventCountry "RUS"]
[SourceTitle "CBM 160 Extra"]
[Source "ChessBase"]
[SourceDate "2014.07.01"]
[SourceVersion "1"]
[SourceVersionDate "2014.07.01"]
[SourceQuality "1"]

1. e4 e5 2. Nf3 Nc6 3. d4 exd4 4. Nxd4 Bc5 5. Nb3 Bb6 6. Nc3 Qf6 7. f4 Nge7 8. Qf3 d6 9. Be3 h5 10. h3 Be6 11. Bd3 Ng6 12. g3 Nge5 13. Qe2 Nxd3+ 14. Qxd3 0-0-0 15. 0-0-0 Rhe8 16. Bxb6 axb6 17. h4 Bg4 18. Rd2 Qg6 19. Qc4 Bf3 20. Rf1 Bxe4 21. Qa4 Nb8 22. Qa8 Bc6 23. Nd4 Qxg3 24. Ncb5 Re1+ 25. Rxe1 Qxe1+ 26. Rd1 Qe3+ 27. Kb1 Kd7 28. a4 Qxf4 29. a5 Bxb5 30. Nxb5 Qc4 31. Na7 Qa6 32. axb6 Nc6 0-1

[Event "Nezhmetdinov Memorial rapid 36th"]
[Site "Kazan"]
[Date "2014.05.29"]
[Round "1"]
[White "Sadykov, Renat"]
[Black "Timofeev, Artyom"]
[Result "0-1"]
[WhiteElo "2069"]
[BlackElo "2603"]
[PlyCount "64"]
[EventDate "2014.05.29"]
[EventType "swiss (rapid)"]
[EventRounds "9"]
[EventCountry "RUS"]
[SourceTitle "CBM 160 Extra"]
[Source "ChessBase"]
[SourceDate "2014.07.01"]
[SourceVersion "1"]
[SourceVersionDate "2014.07.01"]
[SourceQuality "1"]

1. e4 e6 2. d4 d5 3. Nc3 Nc6 4. e5 f6 5. f4 fxe5 6. dxe5 Nh6 7. Nf3 Be7 8. Bd3 Nb4 9. Be3 0-0 10. Qd2 c5 11. Bf2 Ng4 12. g3 d4 13. Ne4 Qd5 14. a3 Nxd3+ 15. cxd3 b6 16. h3 Nxf2 17. Qxf2 Ba6 18. Qc2 c4 19. dxc4 Bxc4 20. Nfd2 Ba6 21. Qb3 Qxb3 22. Nxb3 Bb7 23. Nbd2 Rac8 24. Ke2 Rc2 25. Kd3 Rxb2 26. Kxd4 Rd8+ 27. Kc3 Rb5 28. Rhc1 Rbd5 29. Kb3 R8d7 30. Rc3 Kf8 31. Ra2 Rd4 32. Re3 Bd5+ 0-1

[Event "Tatarstan-ch op"]
[Site "Kazan"]
[Date "2009.08.21"]
[Round "2"]
[White "Terentiev, Vitaly G"]
[Black "Sadykov, Renat"]
[Result "1-0"]
[WhiteElo "1944"]
[BlackElo "2082"]
[PlyCount "73"]
[EventDate "2009.08.20"]
[EventType "swiss"]
[EventRounds "9"]
[EventCountry "RUS"]
[SourceTitle "EXT 2010"]
[Source "ChessBase"]
[SourceDate "2010.11.25"]
[SourceVersion "1"]
[SourceVersionDate "2010.11.25"]
[SourceQuality "1"]

1. d4 f5 2. c4 Nf6 3. Nc3 d6 4. Bg5 Nbd7 5. e3 h6 6. Bxf6 Nxf6 7. Nf3 g6 8. Bd3 Bg7 9. Nh4 Kf7 10. g4 Nxg4 11. Nxg6 Re8 12. h3 Nxf2 13. Kxf2 Kxg6 14. Qg4+ Kh7 15. Bxf5+ Bxf5 16. Qxf5+ Kh8 17. Ke2 e5 18. d5 e4 19. Rag1 Qf6 20. Qxf6 Bxf6 21. Nb5 Rg8 22. b3 Rac8 23. Rxg8+ Kxg8 24. Rg1+ Kf7 25. Rg4 a6 26. Nd4 Rg8 27. Rxg8 Kxg8 28. Nf5 Kh7 29. Ng3 Kg6 30. Nxe4 Be7 31. Kf3 Kf5 32. Ng3+ Ke5 33. Ne2 a5 34. Nf4 Bf6 35. Ng6+ Kf5 36. Nf8 c6 37. e4+ 1-0

[Event "Tatarstan-ch op"]
[Site "Kazan"]
[Date "2009.08.20"]
[Round "1"]
[White "Sadykov, Renat"]
[Black "Askarov, Marat"]
[Result "0-1"]
[WhiteElo "2082"]
[BlackElo "2495"]
[PlyCount "100"]
[EventDate "2009.08.20"]
[EventType "swiss"]
[EventRounds "9"]
[EventCountry "RUS"]
[SourceTitle "EXT 2010"]
[Source "ChessBase"]
[SourceDate "2010.11.25"]
[SourceVersion "1"]
[SourceVersionDate "2010.11.25"]
[SourceQuality "1"]

1. e4 c5 2. d4 cxd4 3. c3 d3 4. Bxd3 Nc6 5. Nf3 d6 6. Bc4 e6 7. Na3 Nf6 8. Qe2 Be7 9. 0-0 a6 10. Rd1 Qc7 11. Bf4 e5 12. Bg5 0-0 13. Bxf6 Bxf6 14. Rd2 Bg4 15. Rad1 b5 16. Bb3 Rad8 17. Nc2 Bg5 18. Rd3 Bf4 19. h3 Be6 20. Ne3 Bxe3 21. Qxe3 Bc4 22. Bxc4 bxc4 23. R3d2 Ne7 24. Nh4 Rd7 25. Qg5 Rb8 26. Nf5 Nxf5 27. Qxf5 g6 28. Qg4 Kg7 29. Kh1 Rb5 30. f4 h5 31. Qf3 Qb6 32. f5 Rxb2 33. Rxb2 Qxb2 34. fxg6 fxg6 35. Rf1 Qb8 36. Qf6+ Kh7 37. Qe6 Rg7 38. Qxc4 Qb5 39. Qxb5 axb5 40. Rd1 Rd7 41. Rd5 Kg7 42. Rxb5 Kf6 43. Rb4 Rc7 44. c4 Ke6 45. g3 Kd7 46. a4 Ra7 47. c5 dxc5 48. Rc4 Kc6 49. Kg2 Rb7 50. Kf2 Rb4 0-1

[Event "Tatarstan-ch op"]
[Site "Kazan"]
[Date "2008.08.26"]
[Round "6"]
[White "Tsaregorodtsev, Mikhail"]
[Black "Sadykov, Renat"]
[Result "1-0"]
[WhiteElo "2028"]
[BlackElo "2100"]
[PlyCount "67"]
[EventDate "2008.08.21"]
[EventType "swiss"]
[EventRounds "9"]
[EventCountry "RUS"]
[SourceTitle "EXT 2010"]
[Source "ChessBase"]
[SourceDate "2010.11.25"]
[SourceVersion "1"]
[SourceVersionDate "2010.11.25"]
[SourceQuality "1"]

1. e4 e6 2. d4 d5 3. e5 c5 4. c3 Qb6 5. Nf3 Nc6 6. a3 c4 7. Nbd2 Na5 8. Be2 Bd7 9. 0-0 0-0-0 10. Rb1 h6 11. b3 cxb3 12. c4 dxc4 13. Nxc4 Nxc4 14. Bxc4 Bc6 15. Be3 Bd5 16. Bxb3 Qa5 17. Bd2 Qa6 18. Bxd5 Rxd5 19. Qc2+ Qc6 20. Qb3 Qd7 21. Rfc1+ Kb8 22. Rc4 a6 23. a4 a5 24. Rbc1 Ne7 25. Qb6 Nc8 26. Rxc8+ Qxc8 27. Rxc8+ Kxc8 28. Bxa5 Kb8 29. Qc7+ Ka8 30. Bb6 Bb4 31. Qxf7 Rc8 32. g3 Rc1+ 33. Kg2 Kb8 34. Qxe6 1-0

[Event "Dubna Cup Rating-B"]
[Site "Dubna"]
[Date "2008.07.18"]
[Round "9"]
[White "Sadykov, Renat"]
[Black "Pak, Alexander"]
[Result "1-0"]
[WhiteElo "2100"]
[BlackElo "1855"]
[PlyCount "63"]
[EventDate "2008.07.12"]
[EventType "tourn"]
[EventRounds "10"]
[EventCountry "RUS"]
[SourceTitle "EXT 2022"]
[Source "ChessBase"]
[SourceDate "2021.10.06"]
[SourceVersion "1"]
[SourceVersionDate "2021.10.06"]
[SourceQuality "1"]

1. e4 e6 2. d4 d5 3. e5 c5 4. c3 Nc6 5. Nf3 Qb6 6. a3 a5 7. Bd3 Bd7 8. Bc2 Nh6 9. 0-0 Nf5 10. g4 Nh6 11. h3 g6 12. dxc5 Qxc5 13. Be3 Qe7 14. Nbd2 Bg7 15. Bg5 Qc5 16. Be3 Qe7 17. b4 f6 18. exf6 Qxf6 19. g5 Qxc3 20. gxh6 Qxa1 21. hxg7 Qxg7 22. b5 Ne5 23. Bd4 Nxf3+ 24. Nxf3 Qf8 25. Bxh8 Qxh8 26. Qd4 Qxd4 27. Nxd4 e5 28. Re1 e4 29. f3 Bxh3 30. fxe4 dxe4 31. Rxe4+ Kf7 32. Rh4 1-0

[Event "Dubna Cup Rating-B"]
[Site "Dubna"]
[Date "2008.07.16"]
[Round "7"]
[White "Sadykov, Renat"]
[Black "Polyakov, Valeriy"]
[Result "1/2-1/2"]
[WhiteElo "2100"]
[BlackElo "1824"]
[PlyCount "42"]
[EventDate "2008.07.12"]
[EventType "tourn"]
[EventRounds "10"]
[EventCountry "RUS"]
[SourceTitle "EXT 2022"]
[Source "ChessBase"]
[SourceDate "2021.10.06"]
[SourceVersion "1"]
[SourceVersionDate "2021.10.06"]
[SourceQuality "1"]

1. e4 e6 2. d4 d5 3. e5 c5 4. c3 Nc6 5. Nf3 Qb6 6. a3 Nh6 7. b4 cxd4 8. Bxh6 gxh6 9. cxd4 Bd7 10. Nc3 Qd8 11. Bd3 Ne7 12. h4 a6 13. h5 b5 14. Rh4 Rc8 15. Rc1 Rc7 16. Qc2 Qc8 17. Nxb5 Rxc2 18. Nd6+ Kd8 19. Nxf7+ Ke8 20. Nd6+ Kd8 21. Rxc2 Qa8 1/2-1/2

[Event "Nezhmetdinov Memorial 30th"]
[Site "Kazan"]
[Date "2008.06.07"]
[Round "7"]
[White "Sadykov, Renat"]
[Black "Bekchintaev, Marat"]
[Result "0-1"]
[WhiteElo "2109"]
[BlackElo "2018"]
[PlyCount "122"]
[EventDate "2008.06.01"]
[EventType "swiss"]
[EventRounds "9"]
[EventCountry "RUS"]
[SourceTitle "EXT 2009"]
[Source "ChessBase"]
[SourceDate "2008.11.26"]
[SourceVersion "1"]
[SourceVersionDate "2008.11.26"]
[SourceQuality "1"]

1. e4 e6 2. d4 d5 3. e5 c5 4. c3 Nc6 5. Nf3 Bd7 6. Be2 b5 7. Bxb5 Nxe5 8. Bxd7+ Nxd7 9. 0-0 Ngf6 10. Bg5 Qb6 11. Bxf6 gxf6 12. Qb3 Rb8 13. Nbd2 Qa6 14. Qc2 cxd4 15. cxd4 Rc8 16. Qb3 Bh6 17. Rfc1 0-0 18. a3 Nb6 19. Rc3 Rxc3 20. bxc3 Rc8 21. Rc1 Nc4 22. Rd1 Qxa3 23. Qb7 Nb6 24. h3 Bxd2 25. Nxd2 Qxc3 26. Qxa7 Qc2 27. Ra1 Ra8 28. Qxa8+ Nxa8 29. Rxa8+ Kg7 30. Nf3 e5 31. dxe5 fxe5 32. g4 e4 33. Nh4 d4 34. Ra6 Qc1+ 35. Kg2 Qc8 36. Rd6 d3 37. Nf5+ Kf8 38. Rd4 h5 39. Rxe4 Qc6 40. Kf3 d2 41. Ne3 Qc3 42. Kg2 Qxe3 43. Rxe3 d1Q 44. gxh5 Qxh5 45. Rf3 f5 46. Ra3 Kf7 47. Rb3 Qd1 48. Rg3 Kf6 49. Kh2 f4 50. Rg4 Kf5 51. Kg2 Qe2 52. Rg8 Qe4+ 53. Kh2 Qb4 54. Kg2 Qe4+ 55. Kh2 Qd4 56. Kg1 Ke4 57. Kg2 f3+ 58. Kg1 Qd1+ 59. Kh2 Qf1 60. Re8+ Kd4 61. Rd8+ Kc3 0-1

[Event "Tatarstan-ch op"]
[Site "Kazan"]
[Date "2007.08.25"]
[Round "6"]
[White "Sadykov, Renat"]
[Black "Gatin, Ravil"]
[Result "1/2-1/2"]
[WhiteElo "2078"]
[BlackElo "2160"]
[PlyCount "84"]
[EventDate "2007.08.20"]
[EventType "swiss"]
[EventRounds "9"]
[EventCountry "RUS"]
[SourceTitle "EXT 2009"]
[Source "ChessBase"]
[SourceDate "2008.11.26"]
[SourceVersion "1"]
[SourceVersionDate "2008.11.26"]
[SourceQuality "1"]

1. e4 g6 2. Nc3 Bg7 3. g3 c5 4. Bg2 Nc6 5. d3 e5 6. Be3 d6 7. Qd2 Be6 8. f4 exf4 9. gxf4 Nf6 10. h3 Nh5 11. Nge2 Qh4+ 12. Bf2 Qf6 13. 0-0 Qe7 14. Rae1 Bh6 15. Qd1 0-0 16. f5 Bd7 17. Nd5 Qd8 18. Ng3 Nxg3 19. Bxg3 Ne5 20. Rf2 Bc6 21. c3 Bxd5 22. exd5 Re8 23. fxg6 hxg6 24. b3 Rc8 25. Rfe2 Qg5 26. Bxe5 dxe5 27. Re4 Rcd8 28. Qe2 Qd2 29. Rxe5 Rxe5 30. Qxe5 Bf4 31. Qe7 Rd6 32. Rf1 Kg7 33. Kh1 Rf6 34. Qe4 g5 35. c4 g4 36. Qe1 Qxd3 37. Qh4 gxh3 38. Rxf4 hxg2+ 39. Kxg2 Qd2+ 40. Kf3 Qd3+ 41. Kf2 Qd2+ 42. Kf3 Qd1+ 1/2-1/2

[Event "Nezhmetdinov Memorial 29th"]
[Site "Kazan"]
[Date "2007.06.09"]
[Round "9"]
[White "Shakirov, Rail"]
[Black "Sadykov, Renat"]
[Result "0-1"]
[WhiteElo "2188"]
[BlackElo "2078"]
[PlyCount "38"]
[EventDate "2007.06.01"]
[EventType "swiss"]
[EventRounds "9"]
[EventCountry "RUS"]
[SourceTitle "CBM 119 Extra"]
[Source "ChessBase"]
[SourceDate "2007.09.04"]
[SourceVersion "1"]
[SourceVersionDate "2007.09.04"]
[SourceQuality "1"]

1. e4 d5 2. exd5 Nf6 3. d4 Nxd5 4. c4 Nb6 5. h3 e5 6. dxe5 Qxd1+ 7. Kxd1 Nc6 8. Bf4 Be6 9. Nd2 0-0-0 10. Kc1 Bc5 11. Bg3 Na5 12. Ne4 Bb4 13. b3 Rd4 14. f3 Rhd8 15. Be2 Bf5 16. Bf2 Ba3+ 17. Kc2 Rd2+ 18. Kc3 Bb2+ 19. Kb4 Nc6+ 0-1

[Event "Nezhmetdinov Memorial 29th"]
[Site "Kazan"]
[Date "2007.06.07"]
[Round "7"]
[White "Sadykov, Airat F"]
[Black "Sadykov, Renat"]
[Result "1-0"]
[WhiteElo "2108"]
[BlackElo "2078"]
[PlyCount "78"]
[EventDate "2007.06.01"]
[EventType "swiss"]
[EventRounds "9"]
[EventCountry "RUS"]
[SourceTitle "CBM 119 Extra"]
[Source "ChessBase"]
[SourceDate "2007.09.04"]
[SourceVersion "1"]
[SourceVersionDate "2007.09.04"]
[SourceQuality "1"]

1. d4 f5 2. Bg5 h6 3. Bh4 g5 4. e3 Nf6 5. Bg3 Bg7 6. Bd3 d6 7. c3 0-0 8. Qc2 Nc6 9. Bxf5 Bxf5 10. Qxf5 e5 11. Qc2 Qd7 12. Ne2 exd4 13. cxd4 Rae8 14. Nd2 d5 15. 0-0 h5 16. h3 h4 17. Bh2 g4 18. hxg4 Nxg4 19. Rac1 Nxh2 20. Kxh2 Qg4 21. Rce1 Bh6 22. Qd3 Re7 23. f3 Qg5 24. f4 Qg4 25. Rf3 Rg7 26. Rg1 Ne7 27. Rh3 Nf5 28. Nf3 Ng3 29. Nxg3 hxg3+ 30. Kh1 Qe6 31. Ne5 Rf6 32. Rc1 Bxf4 33. exf4 Rh6 34. f5 Rxh3+ 35. gxh3 Qh6 36. Rc2 Qxh3+ 37. Kg1 Rh7 38. Qf3 Rh4 39. Qg2 Qxf5 1-0

[Event "Nezhmetdinov Memorial 29th"]
[Site "Kazan"]
[Date "2007.06.05"]
[Round "5"]
[White "Magrifin, Iljanur"]
[Black "Sadykov, Renat"]
[Result "1-0"]
[WhiteElo "2227"]
[BlackElo "2078"]
[PlyCount "119"]
[EventDate "2007.06.01"]
[EventType "swiss"]
[EventRounds "9"]
[EventCountry "RUS"]
[SourceTitle "CBM 119 Extra"]
[Source "ChessBase"]
[SourceDate "2007.09.04"]
[SourceVersion "1"]
[SourceVersionDate "2007.09.04"]
[SourceQuality "1"]

1. e4 d5 2. exd5 Nf6 3. c4 c6 4. Nc3 cxd5 5. d4 e6 6. Nf3 Bb4 7. cxd5 Nxd5 8. Bd2 Nc6 9. a3 Be7 10. Rc1 0-0 11. Bd3 b6 12. Nxd5 Qxd5 13. Bxh7+ Kxh7 14. Qc2+ Kg8 15. Qxc6 Rd8 16. Qxd5 Rxd5 17. 0-0 Bf6 18. Bc3 Bb7 19. Rfe1 Rc8 20. h3 Kh7 21. Rcd1 Rcd8 22. Rc1 Rc8 23. Ra1 Rc4 24. Re3 Rd7 25. Ne5 Bxe5 26. Rxe5 Rd5 27. f3 a5 28. Rae1 a4 29. Kf2 Kg6 30. h4 Rxe5 31. Rxe5 Bd5 32. g4 b5 33. h5+ Kh7 34. Re3 Rc7 35. Kg3 Bc4 36. Kf4 Rd7 37. Re1 Rd5 38. Ke3 g6 39. hxg6+ Kxg6 40. f4 Rd8 41. Rh1 Bd5 42. Rh5 Kg7 43. f5 Re8 44. Kf4 Rc8 45. Rh2 Rh8 46. Rxh8 Kxh8 47. Ke5 Kh7 48. Kf6 Kg8 49. Bb4 Bc4 50. Be7 Be2 51. g5 exf5 52. Kxf5 Bf3 53. Ke5 Kg7 54. Kd6 Kg6 55. Kc5 Kf5 56. d5 Be4 57. Bf6 Bf3 58. Kxb5 Bxd5 59. Kxa4 Ke6 60. Bd4 1-0

[Event "Nezhmetdinov Memorial 29th"]
[Site "Kazan"]
[Date "2007.06.03"]
[Round "3"]
[White "Yaksin, Oleg"]
[Black "Sadykov, Renat"]
[Result "1-0"]
[WhiteElo "2258"]
[BlackElo "2078"]
[PlyCount "61"]
[EventDate "2007.06.01"]
[EventType "swiss"]
[EventRounds "9"]
[EventCountry "RUS"]
[SourceTitle "CBM 119 Extra"]
[Source "ChessBase"]
[SourceDate "2007.09.04"]
[SourceVersion "1"]
[SourceVersionDate "2007.09.04"]
[SourceQuality "1"]

1. d4 f5 2. Nf3 Nf6 3. g3 g6 4. Bg2 Bg7 5. 0-0 0-0 6. b3 d6 7. Bb2 Qe8 8. c4 Na6 9. Re1 c5 10. Nc3 cxd4 11. Nxd4 Nc5 12. Qc2 e5 13. Ndb5 Qe7 14. Rad1 Rd8 15. Nd5 Nxd5 16. Bxd5+ Be6 17. Bxe6+ Nxe6 18. Ba3 Nc5 19. Rxd6 Rxd6 20. Bxc5 Rd2 21. Qxd2 Qxc5 22. Qd7 Qc6 23. Rd1 a6 24. Nc7 Qxd7 25. Rxd7 Rb8 26. Ne6 Bh6 27. Nc5 b6 28. Nxa6 Ra8 29. Nb4 Bf8 30. Nd5 Rxa2 31. Nxb6 1-0

[Event "Nezhmetdinov Memorial 29th"]
[Site "Kazan"]
[Date "2007.06.02"]
[Round "2"]
[White "Sadykov, Renat"]
[Black "Gorbatjuk, Vladimir"]
[Result "1/2-1/2"]
[WhiteElo "2078"]
[BlackElo "2214"]
[PlyCount "51"]
[EventDate "2007.06.01"]
[EventType "swiss"]
[EventRounds "9"]
[EventCountry "RUS"]
[SourceTitle "CBM 119 Extra"]
[Source "ChessBase"]
[SourceDate "2007.09.04"]
[SourceVersion "1"]
[SourceVersionDate "2007.09.04"]
[SourceQuality "1"]

1. e4 e5 2. Nf3 Nc6 3. Nc3 Nf6 4. d4 exd4 5. Nxd4 Bb4 6. Nxc6 bxc6 7. Bd3 d5 8. exd5 cxd5 9. 0-0 0-0 10. Bg5 c6 11. Qf3 Be6 12. Ne2 Bd6 13. Nd4 c5 14. Nc6 Qc7 15. Bxf6 gxf6 16. Qxf6 Qxc6 17. Qg5+ Kh8 18. Qf6+ Kg8 19. Qg5+ Kh8 20. Qf6+ Kg8 21. f4 c4 22. Qg5+ Kh8 23. Qf6+ Kg8 24. Qg5+ Kh8 25. Qf6+ Kg8 26. Qg5+ 1/2-1/2